000 00839nam a22001817a 4500
005 20230615160239.0
008 230615b ||||| |||| 00| 0 eng d
020 _a9780198729655
050 _aKD4080.R35(3e)
100 _9Rainey, Bernadette.
245 _aHuman rights law: Concentrate /
_cBernadette Rainey.
250 _a3rd ed.
260 _aNew York:
_bOxford University Press,
_c2015.
300 _axvii, 193p.:
_c23 cm.
500 _aIncludes index.
505 _aContents: Introduction -- European convention on human rights -- The human rights act 1998(HRA) -- Right to life and freedom from ill-treatment -- Right to liberty and right to fair trial -- Right to family and private life -- Freedom of religion and expression -- Freedom of assembly and association -- Freedom from discrimination -- Terrorism.
942 _2lcc
_cBK
999 _c9709
_d17209